000
00308nam a22001457a 4500
008
210604b ||||| |||| 00| 0 eng d
020
_a
9780393928136
041
_a
eng
080
_a
574
082
_a
574
100
_a
9
101
_a
MJE
245
_a
Earth Science
_c
Stephen Marshak
942
_2
udc
_c
BK
999
_c
57960
_d
57960